Reálie a interkultúrna komunikácia vo vzdelávaní ekonómov
Pre študentov EU v Bratislave bol pripravený a čiastočne aj zrealizovaný projekt Internacionalizácia vzdelávania ekonómov a manažérov v rámci Európskeho sociálneho fondu. Autorka bola koordinátorkou časti projektu, ktorý prebiehal vo francúzskom jazyku a v príspevku sa delí o skúsenosti z jeho reali...
Guardado en:
| Autor principal: | |
|---|---|
| Formato: | Capítulo de libro |
| Lenguaje: | eslovaco |
| Materias: | |
| Etiquetas: |
Sin Etiquetas, Sea el primero en etiquetar este registro!
|
MARC
| LEADER | 00000naa$a2200000$$$4500 | ||
|---|---|---|---|
| 001 | 0084667 | ||
| 005 | 20240502083225.1 | ||
| 041 | 0 | |a slo | |
| 044 | |a CZ | ||
| 245 | 1 | 0 | |a Reálie a interkultúrna komunikácia vo vzdelávaní ekonómov |c Ľubica Petríková |
| 520 | |a Pre študentov EU v Bratislave bol pripravený a čiastočne aj zrealizovaný projekt Internacionalizácia vzdelávania ekonómov a manažérov v rámci Európskeho sociálneho fondu. Autorka bola koordinátorkou časti projektu, ktorý prebiehal vo francúzskom jazyku a v príspevku sa delí o skúsenosti z jeho realizácie. | ||
| 610 | 2 | 0 | |a komunikácia multikultúrna |
| 610 | 2 | 0 | |a ekonómovia |
| 610 | 2 | 0 | |a vzdelávanie |
| 610 | 2 | 0 | |a výučba vedecká |
| 610 | 2 | 0 | |a projekty |
| 610 | 2 | 0 | |a Ekonomická univerzita v Bratislave |
| 100 | 1 | |a Petríková, Ľubica | |